| 000 | 00615nam a22001937a 4500 | ||
|---|---|---|---|
| 010 | _a182424 | ||
| 035 | _a182424 | ||
| 037 | _aCen Lib/Ret | ||
| 040 |
_aDPL _bEN |
||
| 082 |
_a629.1435303 _bSPA |
||
| 245 |
_aThe space encyclopaedia : _ba guide to astronomy and space research / |
||
| 250 | _anew. rev. ed. | ||
| 260 |
_aNew York _bE.P Dutton & Co. _c1960 |
||
| 270 |
_aE.P Dutton & Co. _bNew York |
||
| 300 |
_a288p. _b24cm(Hb) |
||
| 650 |
_aEncyclopedias and dictionaries -- Databases. _9113267 |
||
| 650 |
_aEncyclopedias and dictionaries. _935853 |
||
| 942 |
_2ddc _cEN _h629.1435303 _mSPA |
||
| 999 |
_c136181 _d136181 |
||